000 00431cam a2200181ua 4500
020 _c4.00
041 _ahin
_h
082 _a891.54
_bUPE/SI
100 _aUpendra Nath, Ashk .
245 _aSitaram ke khel /
_cUpendra Nath Ashk.
_hTextual Documents
250 _a4 /
_b.
260 _aPrayag :
_bNeelab Prakashan ,
_c1956.
300 _a229 ; .
365 _a4.00
504 _a
942 _cBK
999 _c8067
_d8067